000 004920000a22001810004500
003 LK-CoMWRAF
008 230817t ||||| |||| 00| 0 eng d
040 _aLK-CoMWRAF
_dLK-CoMWRAF
_eLK-CoMWRAF
041 _aeng
082 _a010
_bAKS
100 _aGandhi, NandiTA
100 _aMenon, Lakshmi
245 _aThe Akshara handbook
_ban alternative classification & documentation system
260 _aNeelambari
_bAkshara
_c1995
300 _ap.93
650 _aClassification
942 _cBK
999 _c2921
_d2921